| 000 | 00914 a2200241 4500 | ||
|---|---|---|---|
| 005 | 2008082701221.0 | ||
| 008 | 080827t xxu||||| |||| 00| e eng d | ||
| 010 | _aUR-7236 | ||
| 020 | _c175.00 | ||
| 035 | _aU-5803 | ||
| 037 | _bD.B.Act / Pub | ||
| 082 | _a841.08 | ||
| 100 | _aفاروقی شمس الر حمن۔ | ||
| 245 |
_aتعبير کی شرح _cفاروقی شمس الر حمن |
||
| 246 |
_aTabeer ki Sharah _bby Shams-ur- RahmanFaruqui |
||
| 260 |
_aنئ دھلی _bمکتبہ جا معہ لميٹيڈ _c2006 |
||
| 270 |
_aجا معہ نگر _e110025 |
||
| 300 |
_a208 ص _b22 cm (Pbk.) |
||
| 650 | _aتنقيد | ||
| 650 | _aLiterary Criticism | ||
| 942 |
_adpl _cUR _k841.08/ ف ا ر _2ddc _h841.08 _mف ا ر |
||
| 999 |
_c2775 _d2775 |
||